BUSINESS COMMUNICATION (Record no. 8911)

MARC details
000 -LEADER
fixed length control field 00321nam a22001457a 4500
003 - CONTROL NUMBER IDENTIFIER
control field SGT
082 ## - DEWEY DECIMAL CLASSIFICATION NUMBER
Classification number 651.74,GUP
100 ## - MAIN ENTRY--PERSONAL NAME
Personal name GUPTA,O.P
245 ## - TITLE STATEMENT
Title BUSINESS COMMUNICATION
250 ## - EDITION STATEMENT
Edition statement 1ST
260 ## - PUBLICATION, DISTRIBUTION, ETC. (IMPRINT)
Place of publication, distribution, etc NEW DELHI
Name of publisher, distributor, etc S.CHAND
Year of Publication 2007
300 ## - PAGE DESCRIPTION
No. of Pages 307
650 ## - SUBJECT ADDED ENTRY--TOPICAL TERM
Topical term or geographic name as entry element OFFICE SERVICES, OFFICE COMMUNICATION
942 ## - ADDED ENTRY ELEMENTS (KOHA)
Source of classification or shelving scheme Dewey Decimal Classification
Koha item type FCM Books
Holdings
Withdrawn status Lost status Source of classification or shelving scheme Damaged status Not for loan Collection code Home library Current library Shelving location Date acquired Vendor Name SGTU Total Checkouts Full call number Accession No. (Barcode) Date last seen Bill Date Koha item type
    Dewey Decimal Classification     COMMERCE MANAGEMENT SGT Science & Social Sciences Library SGT Science & Social Sciences Library On Display 02/06/2016 GIFT SGTU   651.74,GUP CM285 02/06/2016 02/06/2016 FCM Books